书目信息 |
| 题名: |
包装结构设计与制作
|
|
| 作者: | 张如画 , 欧阳慧 , 吴琼 主编 | |
| 分册: | ||
| 出版信息: | 北京 中国青年出版社 2021.8 |
|
| 页数: | 87页 | |
| 开本: | 26cm | |
| 丛书名: | ||
| 单 册: | ||
| 中图分类: | TB482.2 | |
| 科图分类: | ||
| 主题词: | 包装设计--结构设计--高等学校--教材 | |
| 电子资源: | ||
| ISBN: | 978-7-5153-4778-3 | |
| 000 | 01136nam0 2200301 45 | |
| 001 | 012001002961 | |
| 005 | 20141010145432.0 | |
| 010 | @a978-7-5153-4778-3@dCNY49.80 | |
| 100 | @a20170707d2017 em y0chiy50 ea | |
| 101 | 0 | @achi |
| 102 | @aCN@b110000 | |
| 105 | @aa z 000yy | |
| 106 | @ar | |
| 200 | 1 | @a包装结构设计与制作@Abao zhuang jie gou she ji yu zhi zuo@f张如画,欧阳慧,吴琼主编 |
| 210 | @a北京@c中国青年出版社@d2021.8 | |
| 215 | @a87页@c图@d26cm | |
| 300 | @a中国高等院校“十三五”精品课程规划教材 | |
| 300 | @a并列题名:Packaging structure design and production | |
| 312 | @a封面英文题名:Packaging structure design and production | |
| 330 | @a本书共5章,包括概述,包装目的、分类及功能,包装的造型与材料设计,包装设计的构成要素,包装纸盒的印刷操作。 | |
| 510 | 1 | @aPackaging structure design and production@zeng |
| 606 | 0 | @a包装设计@x结构设计@x高等学校@x教材 |
| 690 | @aTB482.2@v5 | |
| 701 | 0 | @a张如画@Azhang ru hua@c(女,@f1973~)@4主编 |
| 701 | 0 | @a欧阳慧@Aou yang hui@c(女,@f1983~)@4主编 |
| 701 | 0 | @a吴琼@Awu qiong@4主编 |
| 801 | 2 | @aCN@bBJSDL@c20211018 |
| 905 | @b1350981-4@dTB482.2@e625@f4 | |
| 包装结构设计与制作/张如画,欧阳慧,吴琼主编.-北京:中国青年出版社,2021.8 |
| 87页:图;26cm |
| 中国高等院校“十三五”精品课程规划教材.-并列题名:Packaging structure design and production |
| ISBN 978-7-5153-4778-3:CNY49.80 |
| 本书共5章,包括概述,包装目的、分类及功能,包装的造型与材料设计,包装设计的构成要素,包装纸盒的印刷操作。 |
| ● |
| 相关链接 |
|
|
|
|
正题名:包装结构设计与制作
索取号:TB482.2/625
 
预约/预借
| 序号 | 登录号 | 条形码 | 馆藏地/架位号 | 状态 | 备注 |
| 1 | 1350981 | 213509817 | 第二样本阅览室/ [索取号:TB482.2/625] | 在馆 | |
| 2 | 1350982 | 213509826 | 第三借阅区/ [索取号:TB482.2/625] | 在馆 | |
| 3 | 1350983 | 213509835 | 第三借阅区/ [索取号:TB482.2/625] | 在馆 | |
| 4 | 1350984 | 213509844 | 第三借阅区/ [索取号:TB482.2/625] | 在馆 |